|
|
|
|
| LEADER |
00000nam0a2200000 4500 |
| 001 |
28947 |
| 005 |
20231030203042.0 |
| 010 |
|
|
|a 5770202165
|
| 035 |
|
|
|a (RuTPU)RU\TPU\book\29205
|
| 035 |
|
|
|a BOOK00029280
|
| 090 |
|
|
|a 28947
|
| 100 |
|
|
|a 20011209d1991 k y0rusy50 ca
|
| 101 |
0 |
|
|a rus
|
| 102 |
|
|
|a UA
|
| 105 |
|
|
|a a 000|y
|
| 200 |
1 |
|
|a Теплометрия и теплосбережение
|e Сборник научных трудов
|f Ин-т пробл. энергосбережения
|
| 210 |
|
|
|a Киев
|c Ин-т проблем энергосбережения
|d 1991
|
| 215 |
|
|
|a 87 с.
|c ил.
|
| 320 |
|
|
|a Библиогр. в конце статей
|
| 610 |
1 |
|
|a теплотехника
|
| 610 |
1 |
|
|a термометрия
|
| 610 |
1 |
|
|a тепловая энергия
|
| 610 |
1 |
|
|a экономия
|
| 610 |
1 |
|
|a теплосбережение
|
| 610 |
1 |
|
|a математическое моделирование
|
| 675 |
|
|
|a 621.1.002.56
|v 3
|
| 675 |
|
|
|a 621.1.004
|v 3
|
| 712 |
0 |
2 |
|a Академия наук Украинской ССР (АН УССР)
|b Институт проблем энергосбережения (ИПЭ)
|c (Киев)
|2 stltpush
|3 (RuTPU)RU\TPU\col\315
|
| 801 |
|
0 |
|a UA
|b 63413507
|c 20011209
|g PSBO
|
| 801 |
|
2 |
|a RU
|b 63413507
|c 20170109
|g PSBO
|
| 942 |
|
|
|c BK
|